000 00670cab a2200229 4500
001 ABS54620
008 090401t1996 xxu||||| |||| 00| 0 eng d
035 _a(Sirsi) u11381
041 _aeng
100 _aGordon, M.
245 _aSelf assessment: partnerships
260 _c1996
350 _a0
490 _aCertified Accountant
_v88(2) February 1996, 42-45(4)
520 _aExplains how partnerships should be treated under the new self-assessment tax system.
650 _aMANAGEMENT-BUSINESS MANAGEMENT-FINANCIAL MANAGEMENT-ACCOUNTING
650 _aPARTNERSHIPS
650 _aSELF-ASSESSMENT
690 _aTAXATION
942 _n0
948 _c04/03/1997
999 _c7251
_d7251